World Cubing Association (WCA) Events - Statistics

General Stats
  • This quiz has been taken 86 times
    81 since last reset
  • The average score is 15 of 17
Answer Stats
Answer % Correct
2x2
99%
3x3
99%
4x4
99%
5x5
99%
6x6
99%
7x7
99%
Skewb
99%
Pyraminx
97%
Square-1
91%
3x3 Blindfolded
90%
4x4 Blindfolded
90%
5x5 Blindfolded
90%
Megaminx
90%
Clock
87%
3x3 one handed
81%
Fewest Moves Possible
68%
3x3 Multi-Blind
64%
No matching quizzes found
Score Distribution
Percent of People with Each Score
Percentile by Number Answered
Your Score History
You have not taken this quiz since the last reset